| 000 | 01290cam a2200169 4500500 | ||
|---|---|---|---|
| 005 | 20260208010554.0 | ||
| 041 | _afre | ||
| 042 | _adc | ||
| 100 | 1 | 0 |
_aVetö, Miklos _eauthor |
| 245 | 0 | 0 | _aIstvan M. Fehér (éd.), Kunst, Hermeneutik, Philosophie. Das Denken Hans-Georg Gadamers im Zusammenhang des 20. Jahrhunderts. Akten des Internationalen Symposiums Budapest 19.-22. Oktober 2000, Heidelberg, Winter, 2003, 235 p. |
| 260 | _c2005. | ||
| 500 | _a38 | ||
| 520 | _aLettres inédites de Théodule Ribot à Henri Piéron Édition et présentation des lettres (1902-1916) du psychologue fondateur de la Revue philosophique, Théodule Ribot, au jeune Henri Piéron, qui deviendra par la suite une figure centrale de la psychologie scientifique française. | ||
| 520 | _aUnpublished letters from Théodule Ribot to Henri Piéron Edition and presentation of the letters (1902-1916) of Théodule Ribot, the psychologist founder of the Revue philosophique, to the young Henri Piéron, who will later become a central figure of French scientific psychology. | ||
| 786 | 0 | _nRevue philosophique de la France et de l'étranger | 130 | 3 | 2005-09-01 | p. 357zk-432zk | 0035-3833 | |
| 856 | 4 | 1 | _uhttps://shs.cairn.info/revue-philosophique-2005-3-page-357zk?lang=fr&redirect-ssocas=7080 |
| 999 |
_c1657186 _d1657186 |
||